000 00594nam a2200217Ia 4500
005 20241129104215.0
008 241129s9999||||xx |||||||||||||| ||und||
020 _a9780367745486
037 _aTextual
040 _aRTL
_beng
_cRTL
041 _aeng
_2eng
084 _aY7:1 R2
_qRTL
100 _aSutton Mark Q.
_9314914
245 0 _aConcise introduction to cultural anthropology
_cSutton Mark Q.
260 _aLondon
_bRoutledge
_c2022
300 _axi,152p.
365 _aINR
_b2037.78
650 _aAnthropology
942 _cTB
_hY7:1 R2
999 _c1224880
_d1224880